00412nam a2200121Ia 4500008004100000041000800041100001700049245011200066260004700178300000800225500002900233700002800262250110s9999 xx 000 0 und d aeng aJadhav Komal aMicroclimate Study Of KhotachiwadiNeighbourhood With Respect To The Impact Of Heritage Conservation Control bBNCA M Arch Environment Architecturec2021 a70p aEnvironment Architecture aGuide Name:Nawale Rahul